000 00379nam a2200169Ia 4500
001 9790
003 IN-NITTTR
005 20251114233051.0
008 251113s9999||||xx |||||||||||||| ||eng||
040 _beng
040 _cIN-NITTTR
041 _aeng
082 _a370 G52C
100 _aGoodman, Paul
245 0 _aCompulsory miseducation /
_cGoodman, Paul
942 _2ddc
_cBK
999 _c12427
_d12427